| 000 | 00000nam 2200000zi 4500 |
| 001 | 9.925675 |
| 003 | CaOODSP |
| 005 | 20241121125557 |
| 006 | m o d f |
| 007 | cr |n||||||||| |
| 008 | 230626s2005 quca o f|0| 0 fre d |
| 040 | |aCaOODSP|bfre|erda|cCaOODSP |
| 043 | |an-cn-qu |
| 086 | 1 |aCW66-1217/2005F-PDF |
| 245 | 13|aLe marais : |bun milieu de vie des plus diversifiés : un monde à découvrir. |
| 264 | 1|a[Sainte-Foy, Québec] : |b[Service canadien de la faune], |c[2005] |
| 300 | |a1 ressource en ligne (2 pages) : |billustrations |
| 336 | |atexte|btxt|2rdacontent/fre |
| 337 | |ainformatique|bc|2rdamedia/fre |
| 338 | |aressource en ligne|bcr|2rdacarrier/fre |
| 500 | |aÉdition numérisée de l’imprimé [par Environnement et changement climatique Canada]. |
| 650 | 6|aMarais|zQuébec (Province) |
| 650 | 6|aBiodiversité|xConservation|zQuébec (Province) |
| 650 | 0|aMarshes|zQuébec (Province) |
| 650 | 0|aBiodiversity conservation|zQuébec (Province) |
| 710 | 2 |aService canadien de la faune, |eorganisme de publication. |
| 710 | 2 |aCanards illimités Canada, |eauteur. |
| 856 | 40|qPDF|s668 Ko|uhttps://publications.gc.ca/collections/collection_2024/eccc/cw66/CW66-1217-2005-fra.pdf |